000 00387 a2200133 4500
040 _aDLC
_bDLC
082 _a297.197
100 _aDr. M Basharat Ali.
245 _aLaws and principles of Quranic society
_cDr. M Basharat Ali.
260 _aKarachi :
_bThe Jamiyat-ul-Falah Publications,
_c1971.
300 _a145 p. ;
_c23 cm.
650 _aQuran--Sociology.
942 _cBK
_k297.197 BAS
_2ddc
999 _c7132
_d7132